| 000 | 02467nam a2200313 i 4500 | ||
|---|---|---|---|
| 001 | 173621 | ||
| 003 | ES-MaACL | ||
| 005 | 20250809231449.0 | ||
| 007 | t| | ||
| 008 | 091215s18531853sp |||| | spa d | ||
| 110 | 2 |
_aReal Academia de Ciencias Exactas, Físicas y Naturales de España. _9175635 |
|
| 245 | 1 | 0 |
_aMemorias de la Real Academia de Ciencias _g1853. |
| 260 |
_aMadrid : _b[s.n.], _c1853 ( _fAguado Imp.) |
||
| 300 |
_av. ; _c28 cm. |
||
| 505 | 8 | _aContiene: T. II: La importancia filosófica de la química / Manuel Rioz Pedraja (18 p.). El inmenso desarrollo que desde el siglo XVII han recibido las matemáticas / Manuel Monteverde (p. 19-28). Las condiciones que la España reune por su posición geográfica y su topografía física en favor de los rpogresos de las ciencias... / Antonio Remón Zarco del Valle (p. 29-38). La aparente sencillez del organismo vegetal / José Martín de León (p. 39-51). Del contrapeso que las ciencias de la naturaleza y señaladamente la química ejercen con sus pasmosos adelantamientos sobre los males que afligen a la humanidad / Juan María Pou y Camps (p. 53-76). Forma más conveniente de los triángulos geodésicos; Astronomía del tiempo / Antonio Terrero (p. 77-105 + 1 gráf. pleg.). Elementos de cronología analítica / José Sánchez Cerquero (p. 106-232). Teoría sobre la resolución general de los rpoblemas algebráicos / Francisco Marrón (p. 233-567). El origen y progresos de los instrumentos de astronomía y geodesia / Carlos Ibañez e Ibañez (30 p.). Contestación / Antonio Aguilar y Vela (p. 32-45). Comparación de la regla geodésica perteneciente al gobierno de S.A. el Virey de Egipto que sirvió para la medición de la base central del mapa de España / Ismael Effendy, Carlos Ibañez e Ibañez (p. 47-170 + 1 plan pleg.) | |
| 700 | 1 |
_aRioz y Pedraja, Manuel. _9131833 |
|
| 700 | 1 |
_aMonteverde, Manuel. _9141817 |
|
| 700 | 1 |
_aRemón Zarco del Valle, Antonio, _d1789-1866 _9131690 |
|
| 700 | 1 |
_aMartín de León, José. _9141818 |
|
| 700 | 1 |
_aPou y Camps, Juan María. _9131312 |
|
| 700 | 1 |
_aTerrero, Antonio. _9141819 |
|
| 700 | 1 |
_aSánchez y Cerquero, José. _9141820 |
|
| 700 | 1 |
_aMarrón y Villodas, Francisco. _977083 |
|
| 700 | 1 |
_aIbáñez de Ibero, Carlos, _cMarqués de Mulhacén, _d1888-1966 _9151481 |
|
| 700 | 1 |
_aAguilar y Vela, Antonio, _d1820-1882 _918755 |
|
| 700 | 1 |
_aEffendy, Ismail. _946686 |
|
| 852 |
_aES-MaACL _jK-217 |
||
| 999 |
_c173621 _d173621 |
||